[Event "Delft Prinsenstad op-A"]
[Site "Delft"]
[Date "2010.04.02"]
[Round "1"]
[White "Haslinger, Stewart"]
[Black "Vlam, Horatio"]
[Result "1-0"]
[WhiteElo "2548"]
[BlackElo "2067"]
[PlyCount "53"]
[EventDate "2010.04.02"]
[EventType "swiss"]
[EventRounds "6"]
[EventCountry "NED"]
[SourceTitle "EXT 2013"]
[Source "ChessBase"]
[SourceDate "2012.11.22"]
[SourceVersion "1"]
[SourceVersionDate "2012.11.22"]
[SourceQuality "1"]

1. e4 c5 2. Nf3 Nc6 3. d4 cxd4 4. Nxd4 g6 5. c4 Nf6 6. Nc3 Nxd4 7. Qxd4 d6 8. Bg5 Bg7 9. Qd2 Be6 10. Rc1 0-0 11. Bd3 Qa5 12. b3 Rfc8 13. 0-0 a6 14. a4 Qb4 15. Qc2 h6 16. Bd2 Qb6 17. Be3 Qb4 18. Bd2 Qb6 19. Qa2 Nd7 20. a5 Qd8 21. Nd5 b6 22. axb6 Nxb6 23. Ba5 Bd4 24. Qd2 Kh7 25. Be2 Bc5 26. b4 Bxd5 27. bxc5 1-0

[Event "Delft Prinsenstad op-A"]
[Site "Delft"]
[Date "2009.01.03"]
[Round "3"]
[White "Vlam, Horatio"]
[Black "Meng, Roger"]
[Result "1-0"]
[WhiteElo "2037"]
[BlackElo "1994"]
[PlyCount "111"]
[EventDate "2009.01.02"]
[EventType "swiss"]
[EventRounds "6"]
[EventCountry "NED"]
[SourceTitle "EXT 2011"]
[Source "ChessBase"]
[SourceDate "2010.11.26"]
[SourceVersion "1"]
[SourceVersionDate "2010.11.26"]
[SourceQuality "1"]

1. c4 e5 2. d3 Nc6 3. Nc3 f5 4. Nf3 Nf6 5. g3 Bc5 6. Bg2 0-0 7. 0-0 d6 8. Rb1 a5 9. a3 Qe8 10. Nd5 Nxd5 11. cxd5 Ne7 12. d4 exd4 13. Nxd4 Kh8 14. b4 axb4 15. axb4 Bb6 16. Bb2 Qg6 17. e3 Bd7 18. Ra1 Ng8 19. Qb3 Rae8 20. Ne2 Bb5 21. Nf4 Qh6 22. Rfd1 Nf6 23. Ne6 Rf7 24. Bd4 Bxd4 25. Rxd4 Ng4 26. h3 Ne5 27. Ra7 c6 28. dxc6 Bxc6 29. Bxc6 bxc6 30. Rxf7 Nxf7 31. Nc7 Rf8 32. Rh4 Qf6 33. Qe6 Ne5 34. Qxf6 Rxf6 35. Kg2 Rf7 36. Ne6 g6 37. Rd4 Rd7 38. f4 Nf7 39. Rc4 Re7 40. Nd4 c5 41. Nc2 cxb4 42. Rxb4 Kg7 43. Kf3 Nd8 44. Nd4 Kf7 45. g4 Ne6 46. Nxe6 Kxe6 47. e4 Kf6 48. exf5 gxf5 49. g5+ Kg6 50. Rb6 Re6 51. h4 Kh5 52. Rb7 h6 53. Rh7 d5 54. Rd7 Kxh4 55. gxh6 Rxh6 56. Rf7 1-0

[Event "NED-ch62 sf"]
[Site "Hilversum"]
[Date "2006.11.04"]
[Round "1.1"]
[White "Janssen, Ruud"]
[Black "Vlam, Horatio"]
[Result "1-0"]
[WhiteElo "2480"]
[BlackElo "2157"]
[PlyCount "79"]
[EventDate "2006.11.04"]
[EventType "k.o."]
[EventRounds "3"]
[EventCountry "NED"]
[SourceTitle "EXT 2012"]
[Source "ChessBase"]
[SourceDate "2011.11.24"]
[SourceVersion "1"]
[SourceVersionDate "2011.11.24"]
[SourceQuality "1"]

1. Nf3 c5 2. c4 g6 3. d4 cxd4 4. Nxd4 Nc6 5. e4 Nf6 6. Nc3 Nxd4 7. Qxd4 d6 8. Be2 Bg7 9. Be3 0-0 10. Qd2 Qa5 11. Rc1 a6 12. f3 Bd7 13. b3 b5 14. 0-0 Rfc8 15. Rfd1 bxc4 16. Bxc4 Be6 17. Bxe6 fxe6 18. Ne2 Qxd2 19. Bxd2 Nd7 20. Rxc8+ Rxc8 21. Rc1 Rxc1+ 22. Bxc1 Kf7 23. Kf2 Nc5 24. Ke3 Bh6+ 25. Kd4 Bxc1 26. Nxc1 Ke8 27. f4 Kd7 28. Nd3 Nxd3 29. Kxd3 Kc6 30. Kc4 h5 31. g3 Kb6 32. h3 Kc6 33. g4 hxg4 34. hxg4 Kd7 35. b4 Kc6 36. a4 Kd7 37. g5 Kc6 38. f5 d5+ 39. exd5+ exd5+ 40. Kc3 1-0

[Event "NED-ch55 sf"]
[Site "Rotterdam"]
[Date "1999.12.05"]
[Round "1.2"]
[White "Grooten, Herman"]
[Black "Vlam, Horatio"]
[Result "1-0"]
[WhiteElo "2393"]
[BlackElo "2211"]
[PlyCount "87"]
[EventDate "1999.12.04"]
[EventType "k.o."]
[EventRounds "3"]
[EventCountry "NED"]
[SourceTitle "CBM 073 Extra"]
[Source "ChessBase"]
[SourceDate "2000.01.11"]
[SourceVersion "1"]
[SourceVersionDate "2000.01.11"]
[SourceQuality "1"]

1. Nf3 Nf6 2. c4 g6 3. Nc3 Bg7 4. e4 c5 5. d4 cxd4 6. Nxd4 Nc6 7. Nc2 0-0 8. Be2 d6 9. Be3 Be6 10. Qd2 Qa5 11. f3 Rfc8 12. Nd5 Qxd2+ 13. Kxd2 Bd7 14. Bg5 Kf8 15. Nxf6 Bxf6 16. Bxf6 exf6 17. Ne3 Ne7 18. Bd3 f5 19. exf5 Bxf5 20. Nxf5 Nxf5 21. Bxf5 gxf5 22. Rac1 Rc5 23. b4 Rc7 24. Rc2 a5 25. a3 axb4 26. axb4 b5 27. cxb5 Rb7 28. Rhc1 Ra4 29. Rb2 Rxb5 30. Rc4 Ke7 31. Rh4 Ke6 32. Kc3 Ra3+ 33. Kc4 Rb7 34. Rh6+ Ke5 35. Re2+ Kf4 36. Rxd6 Rc7+ 37. Kb5 Rb7+ 38. Rb6 Rba7 39. Rh6 Rb7+ 40. Kc6 Rb8 41. Kc7 Rb5 42. Rb6 Rc3+ 43. Kb7 Rd5 44. Rc6 1-0

[Event "NED-ch55 sf"]
[Site "Rotterdam"]
[Date "1999.12.05"]
[Round "1.4"]
[White "Vlam, Horatio"]
[Black "Grooten, Herman"]
[Result "0-1"]
[WhiteElo "2211"]
[BlackElo "2393"]
[PlyCount "66"]
[EventDate "1999.12.04"]
[EventType "k.o."]
[EventRounds "3"]
[EventCountry "NED"]
[SourceTitle "CBM 073 Extra"]
[Source "ChessBase"]
[SourceDate "2000.01.11"]
[SourceVersion "1"]
[SourceVersionDate "2000.01.11"]
[SourceQuality "1"]

1. c4 c5 2. Nf3 Nf6 3. Nc3 b6 4. e4 d6 5. d4 cxd4 6. Nxd4 Bb7 7. f3 Nbd7 8. Be2 a6 9. Be3 e6 10. 0-0 Be7 11. Qe1 0-0 12. Qg3 Kh8 13. Qh3 Rg8 14. Rad1 Qc7 15. Bg5 Qc5 16. Be3 Qc7 17. Kh1 g5 18. g4 Ne5 19. b3 b5 20. Rc1 bxc4 21. bxc4 Rac8 22. Qg3 Qa5 23. h4 gxh4 24. Qe1 Nxc4 25. Bxc4 Rxc4 26. g5 Nd7 27. Nb3 Qe5 28. f4 Rxe4 29. fxe5 Rxe3+ 30. Kh2 Rxe1 31. Rcxe1 Nxe5 32. Ne4 h6 33. gxh6 f5 0-1

[Event "Hoogovens-B"]
[Site "Wijk aan Zee"]
[Date "1982.01.28"]
[Round "7"]
[White "Vlam, Horatio"]
[Black "Iskov, Gert"]
[Result "0-1"]
[WhiteElo "2270"]
[BlackElo "2380"]
[PlyCount "88"]
[EventDate "1982.01.21"]
[EventType "tourn"]
[EventRounds "9"]
[EventCountry "NED"]
[EventCategory "6"]
[SourceTitle "MCD"]
[Source "ChessBase"]
[SourceDate "1999.07.01"]
[SourceVersion "1"]
[SourceVersionDate "1999.07.01"]
[SourceQuality "1"]

1. c4 Nf6 2. Nc3 c5 3. Nf3 g6 4. d4 cxd4 5. Nxd4 Nc6 6. e4 Bg7 7. Be3 0-0 8. Be2 b6 9. 0-0 Bb7 10. f3 d6 11. Rc1 Nd7 12. Nxc6 Bxc6 13. Qd2 a6 14. Nd5 a5 15. Rfd1 Nc5 16. Bh6 Bxh6 17. Qxh6 e5 18. Rc3 Ra7 19. f4 Nxe4 20. Rh3 f5 21. fxe5 dxe5 22. Bf3 Ng5 23. Rg3 Nxf3+ 24. gxf3 Rd7 25. Kh1 Rff7 26. Rxg6+ hxg6 27. Qxg6+ Kh8 28. Qxc6 Rd6 29. Qa4 Rg7 30. Qc2 Qg5 31. Qf2 Rdg6 32. f4 Qh5 33. Re1 e4 34. Ne3 Rg3 35. Nxf5 Rg2 36. Qh4 Qxh4 37. Nxh4 Rxb2 38. f5 Rg4 39. Ng6+ Kg7 40. h3 Rg3 41. Rxe4 Rxh3+ 42. Kg1 Rc3 43. Rf4 Rc1+ 44. Rf1 Rxf1+ 0-1

[Event "Hoogovens-B"]
[Site "Wijk aan Zee"]
[Date "1982.01.24"]
[Round "4"]
[White "Hjartarson, Johann"]
[Black "Vlam, Horatio"]
[Result "1-0"]
[WhiteElo "2425"]
[BlackElo "2270"]
[PlyCount "79"]
[EventDate "1982.01.21"]
[EventType "tourn"]
[EventRounds "9"]
[EventCountry "NED"]
[EventCategory "6"]
[SourceTitle "MCD"]
[Source "ChessBase"]
[SourceDate "1999.07.01"]
[SourceVersion "1"]
[SourceVersionDate "1999.07.01"]
[SourceQuality "1"]

1. c4 g6 2. d4 Nf6 3. Nc3 d5 4. Nf3 Bg7 5. cxd5 Nxd5 6. g3 c5 7. Bg2 Nc6 8. Nxd5 Qxd5 9. dxc5 Qxc5 10. 0-0 0-0 11. Qa4 Qh5 12. Re1 Bh3 13. Bh1 Rfd8 14. Ng5 Ne5 15. Nxh3 Qxh3 16. Bg2 Qd7 17. Qxd7 Rxd7 18. Bf4 Nc4 19. Rad1 Rad8 20. Rxd7 Rxd7 21. b3 e5 22. Bc1 Na5 23. Be3 Nc6 24. Bxc6 bxc6 25. Rc1 Rc7 26. Rc5 Bf8 27. Rxe5 c5 28. Re4 Rb7 29. Rc4 Rb5 30. Ra4 Rb7 31. Kf1 f5 32. Ke1 Kf7 33. Ra6 Rc7 34. Kd2 Bg7 35. Kc2 Ke8 36. Bf4 Rb7 37. Rc6 Bf8 38. Rc8+ Kf7 39. Be3 Rb5 40. Rc7+ 1-0

[Event "Hoogovens-B"]
[Site "Wijk aan Zee"]
[Date "1982.01.23"]
[Round "3"]
[White "Vlam, Horatio"]
[Black "Scheeren, Peter MJ"]
[Result "0-1"]
[WhiteElo "2270"]
[BlackElo "2430"]
[PlyCount "113"]
[EventDate "1982.01.21"]
[EventType "tourn"]
[EventRounds "9"]
[EventCountry "NED"]
[EventCategory "6"]
[SourceTitle "MCD"]
[Source "ChessBase"]
[SourceDate "1999.07.01"]
[SourceVersion "1"]
[SourceVersionDate "1999.07.01"]
[SourceQuality "1"]

1. c4 Nf6 2. Nc3 g6 3. d4 Bg7 4. e4 d6 5. Nf3 0-0 6. Be2 e5 7. Be3 c6 8. 0-0 exd4 9. Bxd4 Re8 10. Qc2 Nbd7 11. Rad1 Qe7 12. Rfe1 c5 13. Be3 Nxe4 14. Nb5 Ndf6 15. Bf4 Bf5 16. Nh4 Bd7 17. Bxd6 Nxd6 18. Nxd6 Reb8 19. Bg4 Qf8 20. Bxd7 Nxd7 21. Nf3 b6 22. Ng5 Ne5 23. Qe4 h6 24. f4 hxg5 25. fxe5 Qe7 26. Qd5 Rf8 27. e6 f5 28. Nf7 Bxb2 29. Ne5 Bxe5 30. Qxe5 Rae8 31. Rd6 Qf6 32. Rd7 Qxe5 33. Rxe5 Rf6 34. e7 a6 35. a4 Kf7 36. Ra7 a5 37. Rb7 g4 38. g3 Rd6 39. Kf2 Rd4 40. Rxb6 Rxc4 41. Ree6 Rxe7 42. Rf6+ Kg8 43. Rxg6+ Kf8 44. Rgf6+ Rf7 45. Rfc6 Rc3 46. Rb5 f4 47. gxf4 Rxf4+ 48. Kg2 Rxa4 49. Rbxc5 Ra2+ 50. Kg1 Rxc5 51. Rxc5 a4 52. Rg5 a3 53. Ra5 Ke7 54. Ra4 Kd6 55. Ra8 Kc5 56. Rc8+ Kb4 57. Rb8+ 0-1

[Event "Hoogovens-B"]
[Site "Wijk aan Zee"]
[Date "1982.01.22"]
[Round "2"]
[White "Langeweg, Kick"]
[Black "Vlam, Horatio"]
[Result "1-0"]
[WhiteElo "2410"]
[BlackElo "2270"]
[PlyCount "83"]
[EventDate "1982.01.21"]
[EventType "tourn"]
[EventRounds "9"]
[EventCountry "NED"]
[EventCategory "6"]
[SourceTitle "MCD"]
[Source "ChessBase"]
[SourceDate "1999.07.01"]
[SourceVersion "1"]
[SourceVersionDate "1999.07.01"]
[SourceQuality "1"]

1. d4 Nf6 2. Nf3 g6 3. Bg5 Bg7 4. c3 0-0 5. Nbd2 d5 6. e3 b6 7. Bd3 Bb7 8. Qb1 Nbd7 9. 0-0 Qe8 10. e4 dxe4 11. Nxe4 c5 12. Bxf6 Bxf6 13. dxc5 Nxc5 14. Nxf6+ exf6 15. Nd4 Qe5 16. Re1 Qg5 17. Bf1 Rfe8 18. Rxe8+ Rxe8 19. Qc1 Qxc1 20. Rxc1 Ne6 21. Bc4 Nxd4 22. cxd4 Rc8 23. Rc3 Rd8 24. Rd3 Rc8 25. Rc3 Rd8 26. Bb3 Bd5 27. Bxd5 Rxd5 28. Rd3 Kf8 29. f3 f5 30. Kf2 f4 31. Rd2 Ke7 32. Ke2 Kd6 33. Kd3 a5 34. Kc4 b5+ 35. Kd3 f6 36. Rc2 h5 37. h4 g5 38. hxg5 fxg5 39. Ke4 Ke6 40. Rc6+ Rd6 41. Rc5 g4 42. Rxh5 1-0